000 00312nam a2200145Ia 4500
100 _aKaner/Cem/ Falk/ Jack
250 _a2
942 _cBK
654 _acomputer
245 _aTesting Computer Software
260 _bJohn Wiley & Sons
_c1999
082 _a5.14
_bKAN/FAL
546 _aENGLISH
999 _c30322
_d30322